000
00340nam a2200133Ia 4500
008
100328s9999 xx 000 0 und d
082
_b
21384
100
_a
नवरे ल.दा.-अनु.
245
_a
तहान
260
_b
हिंदी मराठी
630
_a
तहान
730
_a
तहान
942
_c
BOOK
999
_c
515413
_d
515410